La religión de los primeros cristianos : una teoría del cristianismo primitivo

Guardat en:
Dades bibliogràfiques
Autor principal: Thiesen, Gerd
Format: Llibre
Idioma:espanyol
Publicat: Salamanca. Sígueme. 2002.
Matèries:
Etiquetes: Afegir etiqueta
Sense etiquetes, Sigues el primer a etiquetar aquest registre!

MARC

LEADER 00000nam a22000005a 4500
001 17571
003 CL-ChBUA
005 20120815103639.0
008 070301s2002 sp 000 0 spa
040 |a CL-ChBUA  |c CL-ChBUA 
082 0 0 |a 270 
090 |c 17571  |d 17571 
100 1 |a Thiesen, Gerd. 
245 1 0 |a La religión de los primeros cristianos :  |b una teoría del cristianismo primitivo 
260 |b Sígueme.  |a Salamanca.  |c 2002. 
300 |c 24 cm. 
504 |a Índice. 
650 4 |a CRISTIANISMO. 
942 |c LIB 
952 |0 0  |1 0  |4 0  |7 0  |9 24295  |a UNACH  |b UNACH  |c 200  |d 2007-03-05  |i 35.867.  |l 2  |m 3  |o 270 / T 564.  |p 25294  |r 2022-05-11 00:00:00  |s 2022-04-14  |u 24295  |w 2012-08-08  |y LIB  |k 270 / T 564. 
999 |c 17571  |d 17571